000 00398nam a2200157 a 4500
001 4111
005 20140414132030.0
008 090202s19uu xx 00 eng d
020 _a0-439-04292-5
050 _aTR
_bP24 1999
100 _aArnold, Tedd
245 _aParts /
_cTedd Arnold.
260 _aNew York :
_bScholastic,
_cc1999.
300 _a1 v. (unpaged) : col., ill. ;
999 _c113615
_d113615